[Event "BL 1617 MSA Zugzwang - SV Griesheim"]
[Site "?"]
[Date "2017.04.08"]
[Round "11.4"]
[White "Hertneck, Gerald"]
[Black "Jarmula, Lukasz"]
[Result "1-0"]
[WhiteElo "2485"]
[BlackElo "2484"]
[PlyCount "51"]
[EventDate "2017.??.??"]

1. Nf3 d5 2. c4 d4 3. b4 f6 4. e3 e5 5. c5 a5 6. Qa4+ Bd7 7. b5 Bxc5 8. exd4
exd4 9. Bc4 Qe7+ 10. Kd1 Qd6 11. d3 Bf5 12. Nh4 Bg4+ 13. f3 Bd7 14. Nd2 f5 15.
g4 Ne7 16. gxf5 Qf4 17. Ne4 Qxh4 18. Nxc5 Qh5 19. Re1 Qxf3+ 20. Kc2 b6 21.
Rxe7+ Kxe7 22. Bg5+ Kd6 23. Ne4+ Ke5 24. Re1 Kxf5 25. Bd5 Kg6 26. Bd2 1-0

[Event "BL 1617 MSA Zugzwang - SV Griesheim"]
[Site "?"]
[Date "2017.04.08"]
[Round "11.5"]
[White "Walter, Stefan"]
[Black "Zysk, Robert"]
[Result "1/2-1/2"]
[WhiteElo "2416"]
[BlackElo "2407"]
[PlyCount "70"]
[EventDate "2017.??.??"]

1. Nf3 c5 2. g3 Nc6 3. Bg2 g6 4. O-O Bg7 5. c3 e5 6. e4 Nge7 7. d3 O-O 8. Na3
b6 9. Nc4 d6 10. Bd2 h6 11. a4 Be6 12. Qe2 Qd7 13. b4 cxb4 14. cxb4 Bg4 15. Qe1
Rae8 16. b5 Nd8 17. a5 Nc8 18. Qb1 Nb7 19. axb6 axb6 20. Ra8 Nc5 21. Rxc8 Qxc8
22. Nxd6 Qd7 23. Nxe8 Rxe8 24. Be3 Rd8 25. Bxc5 bxc5 26. b6 Rb8 27. Qb3 Be6 28.
Qc3 Qd6 29. Rb1 Rxb6 30. Rxb6 Qxb6 31. Nd2 Qb4 32. Qc2 h5 33. Bf1 Bh6 34. Nc4
f6 35. Qa2 Bxc4 1/2-1/2

[Event "BL 1617 DJK Aachen - SG Solingen"]
[Site "?"]
[Date "2017.04.08"]
[Round "11.2"]
[White "van Foreest, Jorden"]
[Black "Ragger, Markus"]
[Result "1/2-1/2"]
[WhiteElo "2584"]
[BlackElo "2677"]
[PlyCount "50"]
[EventDate "2017.??.??"]

1. d4 Nf6 2. Bf4 d5 3. Nf3 c5 4. e3 Nc6 5. Nbd2 Qb6 6. dxc5 Qxb2 7. Rb1 Qc3 8.
Bb5 e6 9. O-O Be7 10. Ne5 Bd7 11. Nd3 O-O 12. Bc7 Ne8 13. Rb3 Qf6 14. Bg3 Bd8
15. Ba4 Bc8 16. Nf3 Bc7 17. Bh4 Qh6 18. Bxc6 bxc6 19. Be7 f6 20. Bxf8 Kxf8 21.
Re1 e5 22. e4 Be6 23. Rb7 dxe4 24. Rxe4 Bd5 25. Qe1 Qg6 1/2-1/2

[Event "BL 1617 DJK Aachen - SG Solingen"]
[Site "?"]
[Date "2017.04.08"]
[Round "11.3"]
[White "Predojevic, Borki"]
[Black "Dambacher, Martijn"]
[Result "1-0"]
[WhiteElo "2616"]
[BlackElo "2466"]
[PlyCount "99"]
[EventDate "2017.??.??"]

1. e4 e5 2. Nf3 Nc6 3. Bb5 g6 4. d4 exd4 5. Bg5 Be7 6. Bxe7 Qxe7 7. Bxc6 dxc6
8. Qxd4 Nf6 9. Nc3 Bg4 10. Nd2 c5 11. Qe3 O-O-O 12. h3 Bd7 13. O-O-O Bc6 14. f3
b6 15. Nc4 Nh5 16. Rhe1 g5 17. Qf2 Nf4 18. Ne3 f6 19. h4 h6 20. g3 Ng6 21. h5
Ne5 22. Ncd5 Qe6 23. g4 Kb8 24. Rd2 Bb7 25. Red1 c6 26. Nc3 Kc7 27. Rxd8 Rxd8
28. Rxd8 Kxd8 29. Nf5 Nf7 30. Qd2+ Qd7 31. Qxd7+ Kxd7 32. Kd2 Ba6 33. b3 Ke6
34. Ke3 Ke5 35. Nd1 c4 36. b4 Bc8 37. Nc3 Bd7 38. a3 b5 39. Ne7 Ke6 40. Nf5 Ke5
41. Ne7 Kd6 42. Ng8 Ke5 43. Ne2 Be6 44. Nd4 Bd7 45. c3 a6 46. Nf5 Bxf5 47. gxf5
Kd6 48. Nxf6 c5 49. Ng4 cxb4 50. axb4 1-0

[Event "BL 1617 DJK Aachen - SG Solingen"]
[Site "?"]
[Date "2017.04.08"]
[Round "11.4"]
[White "Burg, Twan"]
[Black "Smeets, Jan"]
[Result "1/2-1/2"]
[WhiteElo "2511"]
[BlackElo "2603"]
[PlyCount "62"]
[EventDate "2017.??.??"]

1. e4 c5 2. Nf3 e6 3. g3 b6 4. Bg2 Bb7 5. Qe2 d6 6. d4 Nf6 7. e5 Nfd7 8. exd6
Bxd6 9. O-O O-O 10. Rd1 Qe7 11. Bg5 Nf6 12. Nc3 Nbd7 13. dxc5 Bxc5 14. Ne5 Nxe5
15. Qxe5 Bxg2 16. Kxg2 Qb7+ 17. f3 Be7 18. Ne4 Nxe4 19. Bxe7 Qxe7 20. Qxe4 Rad8
21. Qe2 g5 22. Rxd8 Rxd8 23. Rd1 h6 24. Rd3 Rxd3 25. Qxd3 Qb4 26. b3 Qa3 27.
Qd8+ Kg7 28. Qd4+ Kg8 29. Qd8+ Kg7 30. Qd4+ Kg6 31. Qe4+ Kg7 1/2-1/2

[Event "BL 1617 DJK Aachen - SG Solingen"]
[Site "?"]
[Date "2017.04.08"]
[Round "11.5"]
[White "L'Ami, Erwin"]
[Black "Hoffmann, Michael"]
[Result "1/2-1/2"]
[WhiteElo "2614"]
[BlackElo "2457"]
[PlyCount "78"]
[EventDate "2017.??.??"]

1. d4 Nf6 2. c4 c5 3. d5 b5 4. cxb5 a6 5. bxa6 g6 6. Nc3 Bg7 7. a7 Rxa7 8. e4
O-O 9. Nf3 e6 10. Be2 exd5 11. exd5 d6 12. O-O Na6 13. Bf4 Nc7 14. Qd2 Re8 15.
Bg5 Bb7 16. Rfe1 Qa8 17. Bc4 Rxe1+ 18. Rxe1 Nfxd5 19. Ne4 Qf8 20. h4 h6 21. Bf4
Nxf4 22. Qxf4 Bxe4 23. Qxe4 d5 24. Bxd5 Nxd5 25. Qxd5 Bxb2 26. h5 g5 27. Nh2
Qc8 28. Qc4 Kg7 29. Ng4 Bd4 30. Ne3 Qe6 31. Qxe6 fxe6 32. Ng4 e5 33. Re2 c4 34.
Rc2 c3 35. Kf1 Rb7 36. Ke2 Rb2 37. Kd1 Rb1+ 38. Rc1 Rb2 39. Rc2 Rb1+ 1/2-1/2

[Event "BL 1617 DJK Aachen - SG Solingen"]
[Site "?"]
[Date "2017.04.08"]
[Round "11.6"]
[White "Braun, Christian"]
[Black "Nikolic, Predrag"]
[Result "1-0"]
[WhiteElo "2356"]
[BlackElo "2609"]
[PlyCount "109"]
[EventDate "2017.??.??"]

1. e4 d6 2. d4 g6 3. Nf3 Nf6 4. Nc3 Bg7 5. h3 c6 6. Bd3 O-O 7. O-O b5 8. Be3
Nbd7 9. Ne2 Nb6 10. b3 Nfd7 11. Qd2 Re8 12. Ng3 e5 13. a4 bxa4 14. bxa4 Nf8 15.
dxe5 dxe5 16. a5 Nbd7 17. Bc4 Ne6 18. Rfd1 Bf8 19. Ng5 Nxg5 20. Bxg5 Qc7 21.
Bh6 Rb8 22. Nf5 Nf6 23. Nd6 Bxd6 24. Qxd6 Qxd6 25. Rxd6 Be6 26. Bxe6 Rxe6 27.
Rxe6 fxe6 28. Rd1 Rb5 29. a6 Kf7 30. Rd3 Ke7 31. Bg5 h6 32. Bxh6 Nxe4 33. Be3
Ra5 34. f3 Nf6 35. Bxa7 Rxa6 36. Bc5+ Kf7 37. Ba3 Ra4 38. Bb2 Rc4 39. Rc3 Rxc3
40. Bxc3 Nd7 41. Kf2 g5 42. Ke3 Kf6 43. Ba5 Kf5 44. g4+ Kg6 45. Ke4 Kg7 46. Bc7
Kf6 47. Bd8+ Kg6 48. Be7 Kh6 49. Bd6 Kg6 50. Bxe5 Nb6 51. f4 Nd5 52. Bd6 Nc3+
53. Ke5 Ne2 54. fxg5 Ng1 55. Bc5 1-0

[Event "BL 1617 DJK Aachen - SG Solingen"]
[Site "?"]
[Date "2017.04.08"]
[Round "11.7"]
[White "Schaefer, Markus"]
[Black "van Foreest, Lucas"]
[Result "0-1"]
[WhiteElo "2403"]
[BlackElo "2477"]
[PlyCount "82"]
[EventDate "2017.??.??"]

1. e4 e5 2. Nf3 Nc6 3. d4 exd4 4. Nxd4 Nf6 5. Nc3 Bb4 6. Nxc6 bxc6 7. Bd3 O-O
8. O-O d5 9. exd5 cxd5 10. h3 c6 11. Qf3 Bd6 12. Re1 Bd7 13. b3 Qc7 14. Bb2
Rae8 15. Na4 Re6 16. Bf5 Rxe1+ 17. Rxe1 Bxf5 18. Qxf5 Ne4 19. c4 Bh2+ 20. Kh1
Bf4 21. cxd5 cxd5 22. Qxd5 Nxf2+ 23. Kg1 Bh2+ 24. Kxf2 Bg3+ 25. Kf1 Bxe1 26.
Kxe1 Re8+ 27. Kf1 Qf4+ 28. Qf3 Qd2 29. Be5 f6 30. Nc3 fxe5 31. Qd5+ Qxd5 32.
Nxd5 Rd8 33. Ne7+ Kf7 34. Nc6 Rd2 35. a4 Ke6 36. b4 a6 37. a5 Rb2 38. Nb8 Rxb4
39. Nxa6 Rb1+ 40. Ke2 Kd6 41. Kd3 Rb5 0-1

[Event "BL 1617 SG Trier - SV Mülheim Nord"]
[Site "?"]
[Date "2017.04.08"]
[Round "11.1"]
[White "Fridman, Daniel"]
[Black "Lupulescu, Constantin"]
[Result "1/2-1/2"]
[WhiteElo "2597"]
[BlackElo "2616"]
[PlyCount "40"]
[EventDate "2017.??.??"]

1. d4 Nf6 2. Nf3 d5 3. c4 e6 4. Nc3 a6 5. cxd5 exd5 6. Bg5 Be6 7. e3 Nbd7 8.
Bd3 Bd6 9. Bh4 h6 10. Bg3 Bxg3 11. hxg3 O-O 12. Qc2 Qe7 13. Rd1 c6 14. O-O Rfe8
15. Rfe1 Bg4 16. Qb3 Rab8 17. Rc1 Qd6 18. Qc2 Re7 19. Nh2 Be6 20. a3 h5 1/2-1/2

[Event "BL 1617 SG Trier - SV Mülheim Nord"]
[Site "?"]
[Date "2017.04.08"]
[Round "11.2"]
[White "Parligras, Mircea-Emilian"]
[Black "Landa, Konstantin"]
[Result "1-0"]
[WhiteElo "2605"]
[BlackElo "2611"]
[PlyCount "155"]
[EventDate "2017.??.??"]

1. d4 d5 2. c4 e6 3. Nf3 Nf6 4. Nc3 Be7 5. Bf4 O-O 6. a3 b6 7. e3 c5 8. dxc5
bxc5 9. Be2 Bb7 10. O-O Nbd7 11. Qc2 Nh5 12. Bg3 Nxg3 13. hxg3 Nf6 14. Rfd1 Qb6
15. cxd5 exd5 16. Na4 Qc6 17. Ne5 Qd6 18. Nd3 Rac8 19. Bf3 Rfd8 20. Rac1 c4 21.
Nf4 Qe5 22. Nc3 Ba8 23. Rd2 d4 24. exd4 Rxd4 25. Rxd4 Qxd4 26. Qf5 Rc5 27. Qc2
Rc8 28. Rd1 Qe5 29. Qa4 Bxf3 30. gxf3 Bc5 31. Kg2 Bb6 32. Rd2 h6 33. Qa6 Qc5
34. Qb7 Rc7 35. Qb8+ Rc8 36. Qb7 Rc7 37. Qb8+ Rc8 38. Qd6 Qf5 39. Nfd5 Nxd5 40.
Nxd5 Bd8 41. Qa6 Kh7 42. Qxa7 Bg5 43. f4 Bd8 44. Qd4 Qg6 45. Qe5 Qe6 46. Rc2
Qg6 47. Re2 Rc6 48. f5 Qd6 49. Qxd6 Rxd6 50. Ne3 c3 51. bxc3 Ra6 52. Ra2 Ra4
53. Kf3 h5 54. c4 Be7 55. Ke4 Kh6 56. Kd5 Ra5+ 57. Kc6 Bxa3 58. Nc2 Rc5+ 59.
Kb6 Rxc4 60. Nxa3 Ra4 61. Kb5 Ra7 62. Kb4 Kg5 63. Rd2 Kxf5 64. Nb5 Re7 65. Kc4
Kg4 66. Nd4 g6 67. Nc6 Re1 68. Kd5 f6 69. Rd4+ Kh3 70. Rf4 g5 71. Rxf6 h4 72.
gxh4 gxh4 73. Ne5 Kg2 74. Rg6+ Kf1 75. f4 h3 76. Ng4 Rd1+ 77. Ke4 Ke2 78. Rh6
1-0

[Event "BL 1617 SG Trier - SV Mülheim Nord"]
[Site "?"]
[Date "2017.04.08"]
[Round "11.3"]
[White "Zelbel, Patrick"]
[Black "Goloshchapov, Aleksander"]
[Result "1-0"]
[WhiteElo "2429"]
[BlackElo "2585"]
[PlyCount "133"]
[EventDate "2017.??.??"]

1. e4 e6 2. d4 d5 3. Nd2 c5 4. exd5 Qxd5 5. Ngf3 cxd4 6. Bc4 Qd6 7. O-O Nf6 8.
Nb3 Nc6 9. Nbxd4 Nxd4 10. Nxd4 a6 11. Re1 Qc7 12. Qe2 Bd6 13. Bg5 O-O 14. Bxf6
gxf6 15. Bd3 f5 16. Qh5 Be5 17. c3 Kh8 18. Nf3 f6 19. Qh6 Bd6 20. Nd4 Qf7 21.
Bc4 Re8 22. Nxf5 Bf8 23. Qf4 b5 24. Bb3 Bb7 25. Re3 Rad8 26. Rae1 Qd7 27. Qg4
Bd5 28. Bxd5 Qxd5 29. Ng3 e5 30. Nh5 Qe6 31. Qxe6 Rxe6 32. g4 b4 33. cxb4 Bxb4
34. R1e2 Rc6 35. Kg2 a5 36. h3 Kg8 37. Rf3 Rf8 38. Rf5 Be7 39. f4 Rfc8 40. fxe5
fxe5 41. Rfxe5 Bd8 42. Rd5 Bb6 43. Rd7 h6 44. Ng3 Rc2 45. Rd6 Rxe2+ 46. Nxe2
Be3 47. Kf3 Bg5 48. Nd4 Kf7 49. Rd5 a4 50. Ra5 Rb8 51. Rb5 Rc8 52. Ke4 Re8+ 53.
Kf5 Re3 54. Rb7+ Ke8 55. Ra7 Rxh3 56. Rxa4 Rh2 57. Ke6 Kd8 58. Kd6 Kc8 59. Rc4+
Kb7 60. Rb4+ Kc8 61. Nf3 Rf2 62. Nxg5 hxg5 63. Ke5 Kc7 64. a4 Rf1 65. b3 Kc6
66. a5 Rf8 67. a6 1-0

[Event "BL 1617 SG Trier - SV Mülheim Nord"]
[Site "?"]
[Date "2017.04.08"]
[Round "11.4"]
[White "Bobras, Piotr"]
[Black "Hausrath, Daniel"]
[Result "1/2-1/2"]
[WhiteElo "2522"]
[BlackElo "2480"]
[PlyCount "70"]
[EventDate "2017.??.??"]

1. e4 c5 2. Nf3 Nc6 3. d4 cxd4 4. Nxd4 g6 5. c4 Bg7 6. Be3 Nf6 7. Nc3 O-O 8.
Be2 d6 9. O-O Bd7 10. f3 Nxd4 11. Bxd4 a5 12. c5 dxc5 13. Bxc5 Rc8 14. Be3 Be6
15. Qa4 Nd7 16. Rfd1 Qc7 17. Rac1 Nc5 18. Qa3 b6 19. Na4 Be5 20. Nxc5 bxc5 21.
Rxc5 Qb8 22. Rb5 Bxh2+ 23. Kh1 Qc7 24. Rc5 Qb8 25. Rxc8 Rxc8 26. Qxe7 Be5 27.
b3 Kg7 28. Bc4 Re8 29. Qa7 Bxc4 30. bxc4 Rd8 31. Rxd8 Qxd8 32. f4 Qh4+ 33. Kg1
Qe1+ 34. Kh2 Qh4+ 35. Kg1 Qe1+ 1/2-1/2

[Event "BL 1617 SG Trier - SV Mülheim Nord"]
[Site "?"]
[Date "2017.04.08"]
[Round "11.5"]
[White "Saltaev, Mihail"]
[Black "Cyborowski, Lukasz"]
[Result "1/2-1/2"]
[WhiteElo "2476"]
[BlackElo "2532"]
[PlyCount "41"]
[EventDate "2017.??.??"]

1. e4 e5 2. Nf3 Nf6 3. Nxe5 d6 4. Nf3 Nxe4 5. Qe2 Qe7 6. d3 Nf6 7. Bg5 Qxe2+ 8.
Bxe2 Be7 9. Nc3 h6 10. Bd2 Bd7 11. O-O-O Nc6 12. Rde1 O-O-O 13. Bd1 Rde8 14. h3
Bd8 15. a3 Rxe1 16. Rxe1 a6 17. Ne2 Re8 18. Ng3 Rxe1 19. Nxe1 Ne7 20. Nh5 Nxh5
21. Bxh5 1/2-1/2

[Event "BL 1617 SG Trier - SV Mülheim Nord"]
[Site "?"]
[Date "2017.04.08"]
[Round "11.8"]
[White "Cioara, Andrei-Nestor"]
[Black "Warmerdam, Max"]
[Result "1-0"]
[WhiteElo "2443"]
[BlackElo "2351"]
[PlyCount "63"]
[EventDate "2017.??.??"]

1. d4 Nf6 2. c4 g6 3. g3 Bg7 4. Bg2 O-O 5. Nc3 d6 6. Nf3 Nc6 7. O-O a6 8. Bf4
Bf5 9. Rc1 Ne4 10. Nd5 e5 11. Be3 Nf6 12. dxe5 Nxd5 13. cxd5 Nxe5 14. Nd4 Bd7
15. h3 c5 16. dxc6 Nxc6 17. Nxc6 bxc6 18. Qxd6 Bxb2 19. Rb1 Bg7 20. Rfd1 Be6
21. Qxc6 Qa5 22. Qb6 Qxb6 23. Rxb6 Rac8 24. Rxa6 Bc4 25. Ra7 Bxe2 26. Rdd7 Bc4
27. a4 Be6 28. Rd1 Rc4 29. a5 Ra4 30. Bb6 Bc3 31. Bc6 Ra3 32. Kg2 1-0

[Event "BL 1617 SP Schwegenheim - Schachfr. Ber"]
[Site "?"]
[Date "2017.04.08"]
[Round "11.1"]
[White "Melkumyan, Hrant"]
[Black "Neiksans, Arturs"]
[Result "1-0"]
[WhiteElo "2619"]
[BlackElo "2599"]
[PlyCount "138"]
[EventDate "2017.??.??"]

1. d4 Nf6 2. c4 e6 3. g3 d5 4. Nf3 Bb4+ 5. Bd2 Bd6 6. Bg2 O-O 7. O-O c6 8. Nc3
Nbd7 9. b3 h6 10. Qc2 Re8 11. Rad1 Qe7 12. e4 dxe4 13. Nxe4 Nxe4 14. Qxe4 e5
15. Bc3 Nf6 16. Qc2 e4 17. Rde1 Bf5 18. Nd2 e3 19. Qxf5 e2 20. d5 c5 21. Rxe2
Qxe2 22. Bf3 Qe7 23. Bxf6 Qxf6 24. Qxf6 gxf6 25. Ne4 Red8 26. Nxf6+ Kg7 27. Ne4
Rac8 28. Re1 Rc7 29. g4 Re7 30. Rd1 Kg6 31. Ng3 Bxg3 32. hxg3 Rd6 33. Kg2 Kg7
34. Kf1 Re8 35. Rd2 Kf8 36. Rd1 Ke7 37. Be4 Kf6 38. Bf3 Re5 39. Be2 Kg7 40. Bd3
Kf6 41. f4 Re8 42. Kf2 Kg7 43. Bf5 Kf8 44. Kf3 Re7 45. Rh1 Kg7 46. a4 Rb6 47.
Bc2 Rd6 48. g5 hxg5 49. fxg5 Re5 50. g4 a5 51. Rh7+ Kf8 52. Rh8+ Ke7 53. Rc8 b6
54. Bf5 Re1 55. Rc7+ Kf8 56. Rb7 Ke8 57. Kf4 Re2 58. Be4 Kf8 59. Bd3 Re1 60.
Bf5 Ke8 61. g6 fxg6 62. Be6 Rf1+ 63. Kg5 Rg1 64. Kf6 Rf1+ 65. Kxg6 Rf3 66. g5
Rxb3 67. Kf6 Rf3+ 68. Ke5 Rd8 69. g6 Re3+ 1-0

[Event "BL 1617 SP Schwegenheim - Schachfr. Ber"]
[Site "?"]
[Date "2017.04.08"]
[Round "11.2"]
[White "Feller, Sebastien"]
[Black "Vocaturo, Daniele"]
[Result "1/2-1/2"]
[WhiteElo "2575"]
[BlackElo "2594"]
[PlyCount "72"]
[EventDate "2017.??.??"]

1. Nf3 c5 2. c4 Nc6 3. d4 cxd4 4. Nxd4 Nf6 5. g3 e5 6. Nb5 Bb4+ 7. Bd2 a6 8.
N5c3 d5 9. cxd5 Nxd5 10. Bg2 Be6 11. O-O Nb6 12. Na3 O-O 13. Nc2 Be7 14. Be3
Nc4 15. b3 Nxe3 16. Nxe3 Rc8 17. Ned5 Bb4 18. Rc1 Ba3 19. Rc2 Nd4 20. Rd2 Bxd5
21. Nxd5 Rc1 22. Qxc1 Bxc1 23. Rxc1 Qa5 24. Rcd1 h6 25. b4 Qa4 26. e3 Nc6 27.
Rb1 Nd8 28. Ne7+ Kh8 29. Nf5 Nc6 30. b5 axb5 31. Nd6 Na5 32. Nxb5 Nc4 33. Rdd1
Nb2 34. Rd2 Nc4 35. Rdd1 Nb2 36. Rd2 Nc4 1/2-1/2

[Event "BL 1617 SP Schwegenheim - Schachfr. Ber"]
[Site "?"]
[Date "2017.04.08"]
[Round "11.3"]
[White "Kraemer, Martin"]
[Black "Kantans, Toms"]
[Result "1/2-1/2"]
[WhiteElo "2574"]
[BlackElo "2468"]
[PlyCount "167"]
[EventDate "2017.??.??"]

1. e4 c5 2. Nf3 d6 3. d4 cxd4 4. Nxd4 Nf6 5. Nc3 a6 6. Be3 Ng4 7. Bc1 Nf6 8. f3
Qb6 9. Nb3 e6 10. Qe2 Be7 11. Be3 Qc7 12. O-O-O b5 13. g4 Nfd7 14. Kb1 Bb7 15.
Qf2 O-O 16. h4 Nc5 17. g5 Nbd7 18. h5 b4 19. Ne2 Nxe4 20. fxe4 Bxe4 21. Ng3
Bxh1 22. Nxh1 Ne5 23. Bh3 Nc4 24. Bc1 Kh8 25. Qe2 a5 26. Nd4 Rab8 27. Ka1 a4
28. Bxe6 Nxb2 29. Bxb2 a3 30. Bc1 fxe6 31. Kb1 Rfe8 32. Nf2 Bf8 33. Ng4 Rbc8
34. h6 Qc4 35. Qh2 gxh6 36. gxh6 e5 37. Ne3 Qf7 38. Ndf5 Re6 39. Qh3 Rc5 40.
Qg4 Rf6 41. Qe4 Qe6 42. Ng7 Bxg7 43. hxg7+ Kxg7 44. Rh1 h6 45. Rxh6 Rxh6 46.
Nf5+ Kf7 47. Nxh6+ Ke8 48. Nf5 Qg6 49. Qa8+ Kd7 50. Qa4+ Kd8 51. Qa8+ Kd7 52.
Ne3 Qf7 53. Qb7+ Rc7 54. Qxb4 Qf3 55. Qxa3 Rb7+ 56. Ka1 Qh1 57. Nc4 Qd1 58. Na5
Rb5 59. Nb3 Qxc2 60. Qa4 Qc3+ 61. Kb1 Qb4 62. Qa7+ Rb7 63. Qf2 Qe4+ 64. Kb2 Ke6
65. Bd2 Rc7 66. Ba5 Rg7 67. Ka3 Rg2 68. Qf8 Qc6 69. Qh6+ Kf5 70. Qh5+ Ke6 71.
Qh6+ Kd5 72. Qe3 Qc2 73. Bd2 Rg4 74. Qf3+ Qe4 75. Qf7+ Kc6 76. Na5+ Kc5 77.
Nb3+ Kb6 78. Ba5+ Kc6 79. Qe8+ Kd5 80. Qf7+ Kc6 81. Qe8+ Kd5 82. Qf7+ Kc6 83.
Qc7+ Kd5 84. Qf7+ 1/2-1/2

[Event "BL 1617 SP Schwegenheim - Schachfr. Ber"]
[Site "?"]
[Date "2017.04.08"]
[Round "11.4"]
[White "Meskovs, Nikita"]
[Black "Mista, Aleksander"]
[Result "0-1"]
[WhiteElo "2510"]
[BlackElo "2604"]
[PlyCount "134"]
[EventDate "2017.??.??"]

1. Nf3 Nf6 2. c4 e6 3. d4 d5 4. e3 Be7 5. Nc3 O-O 6. a3 b6 7. cxd5 exd5 8. Bd3
Re8 9. Ne5 Bb7 10. O-O c5 11. Bb5 Rf8 12. f4 a6 13. Be2 Nc6 14. Kh1 Qc7 15. Bf3
Rad8 16. Qd3 Nxe5 17. fxe5 Ne4 18. Nxe4 dxe4 19. Bxe4 Bxe4 20. Qxe4 f6 21. exf6
Bxf6 22. Qe6+ Kh8 23. Qc4 b5 24. Qe2 h6 25. dxc5 Qxc5 26. b4 Qc4 27. Ra2 Bb2
28. Qxc4 bxc4 29. Re1 Bc3 30. Rg1 Be5 31. Rc2 c3 32. g3 Kg8 33. e4 Rd3 34. Kg2
Rc8 35. Rf1 Rc4 36. Rf3 Rd1 37. Bf4 Bd4 38. h4 Rg1+ 39. Kh3 Re1 40. e5 h5 41.
Kg2 Rg1+ 42. Kh3 Rb1 43. e6 Re1 44. Bg5 Rxe6 45. Rf4 Rec6 46. Be7 Be3 47. Rf5
g6 48. Rf3 Bd4 49. a4 Re6 50. Bc5 Bg7 51. a5 Re1 52. Kg2 Rb1 53. Rff2 Rb2 54.
Kf3 Be5 55. Ke3 Bxg3 56. Rg2 Be5 57. Kd3 Rxh4 58. Rxg6+ Kf7 59. Rxb2 cxb2 60.
Rg1 Ke6 61. b5 axb5 62. a6 Ra4 63. a7 h4 64. Kc2 h3 65. Re1 h2 66. Bd4 h1=Q 67.
Rxh1 Bxd4 0-1

[Event "BL 1617 SP Schwegenheim - Schachfr. Ber"]
[Site "?"]
[Date "2017.04.08"]
[Round "11.5"]
[White "Schreiner, Peter"]
[Black "Starostits, Ilmars"]
[Result "1-0"]
[WhiteElo "2482"]
[BlackElo "2409"]
[PlyCount "76"]
[EventDate "2017.??.??"]

1. Nf3 Nf6 2. c4 c6 3. d4 d5 4. Qb3 dxc4 5. Qxc4 Bf5 6. g3 Nbd7 7. Bg2 e6 8.
O-O Be7 9. e3 O-O 10. Qe2 Qc7 11. Nc3 Ne4 12. Nh4 Nxc3 13. bxc3 Bxh4 14. gxh4
e5 15. e4 Be6 16. f4 exf4 17. Bxf4 Qa5 18. Qf3 f5 19. Qg3 Rf7 20. Bc7 Qa3 21.
Bd6 Qa5 22. Bb4 Qb5 23. Qd6 Rf6 24. a4 Qb6 25. Qe7 Nf8 26. a5 Qb5 27. exf5 Bxf5
28. Qe5 a6 29. Rae1 Ng6 30. Qg3 Qc4 31. h5 Nf8 32. Re7 Ne6 33. Rxb7 h6 34. Re1
Ng5 35. Bd6 Rc8 36. Be5 Rf7 37. Rxf7 Qxf7 38. Rf1 Qd7 1-0

[Event "BL 1617 SP Schwegenheim - Schachfr. Ber"]
[Site "?"]
[Date "2017.04.08"]
[Round "11.6"]
[White "Shytaj, Luca"]
[Black "Lauber, Arnd"]
[Result "1-0"]
[WhiteElo "2456"]
[BlackElo "2426"]
[PlyCount "69"]
[EventDate "2017.??.??"]

1. d4 e6 2. Nf3 Nf6 3. g3 d5 4. Bg2 b5 5. a4 b4 6. O-O Nbd7 7. a5 Bd6 8. c4
bxc3 9. Nxc3 Rb8 10. Qc2 O-O 11. Rd1 Ba6 12. Bf4 Bxf4 13. gxf4 c6 14. Ra3 Qc7
15. Ne5 Rfc8 16. Na4 Nxe5 17. fxe5 Nd7 18. e4 Rb4 19. Rd2 Bc4 20. Nc3 Rcb8 21.
Qc1 Qb7 22. Nd1 Bb3 23. Ne3 Bc4 24. Nd1 Rb3 25. Rxb3 Qxb3 26. Ne3 Rb4 27. Rc2
Ra4 28. Rc3 Qb5 29. exd5 cxd5 30. b3 Bxb3 31. Rc8+ Nf8 32. Qc7 Ra1+ 33. Bf1 Qb4
34. Rb8 Qa3 35. Rb7 1-0

[Event "BL 1617 SP Schwegenheim - Schachfr. Ber"]
[Site "?"]
[Date "2017.04.08"]
[Round "11.7"]
[White "Baldauf, Marco"]
[Black "Csonka, Attila Istvan"]
[Result "1/2-1/2"]
[WhiteElo "2456"]
[BlackElo "2355"]
[PlyCount "113"]
[EventDate "2017.??.??"]

1. Nf3 Nf6 2. c4 e6 3. g3 d5 4. Bg2 Be7 5. d4 O-O 6. Qc2 Nbd7 7. O-O c6 8. Nbd2
b6 9. e4 Ba6 10. b3 Rc8 11. Bb2 c5 12. exd5 exd5 13. Rfe1 b5 14. cxb5 Bxb5 15.
Rac1 c4 16. bxc4 Bxc4 17. Nxc4 Rxc4 18. Qd3 Rxc1 19. Bxc1 Bb4 20. Bd2 Bxd2 21.
Qxd2 Ne4 22. Qc2 Ndf6 23. Ne5 Qc8 24. Nc6 Kh8 25. f3 Nd6 26. Rc1 Qe6 27. Ne5
Nd7 28. f4 f6 29. Nxd7 Qxd7 30. Bxd5 Nf5 31. Qc6 Qe7 32. Qe6 Qxe6 33. Bxe6 Nxd4
34. Bg4 f5 35. Bd1 g6 36. Kf2 Re8 37. Rc4 Nb5 38. Bf3 Re7 39. a4 Nd6 40. Rd4
Re6 41. Rd5 Kg7 42. Rc5 Re7 43. Rc6 Ne8 44. h3 Nc7 45. Be2 Nd5 46. Bf3 Nc7 47.
Rd6 Ne8 48. Ra6 Nf6 49. g4 fxg4 50. hxg4 h6 51. Ra5 Ne8 52. Be2 Nf6 53. Bf3 Ne8
54. Bc6 Nf6 55. g5 hxg5 56. fxg5 Ng4+ 57. Kg3 1/2-1/2

[Event "BL 1617 OSG Baden Baden - SK König Teg"]
[Site "?"]
[Date "2017.04.08"]
[Round "11.1"]
[White "Stern, Rene"]
[Black "Wojtaszek, Radoslaw"]
[Result "1/2-1/2"]
[WhiteElo "2506"]
[BlackElo "2745"]
[PlyCount "89"]
[EventDate "2017.??.??"]

1. Nf3 Nf6 2. c4 b6 3. g3 Bb7 4. Bg2 g6 5. b3 Bg7 6. Bb2 O-O 7. O-O c5 8. Nc3
d6 9. d4 cxd4 10. Qxd4 Nbd7 11. Rfd1 Rc8 12. Rac1 a6 13. Qd2 Rc7 14. Ne1 Qa8
15. Bxb7 Qxb7 16. Ng2 b5 17. Ne3 Re8 18. Ncd5 Rc5 19. Bd4 Rcc8 20. Bxf6 Nxf6
21. Nxf6+ Bxf6 22. cxb5 axb5 23. Rxc8 Rxc8 24. Rc1 Rxc1+ 25. Qxc1 e6 26. a4
bxa4 27. bxa4 d5 28. Qc2 Qb4 29. Ng2 Bc3 30. Nf4 Qc4 31. Nd3 e5 32. Kf1 Kg7 33.
Nb2 Qb4 34. Nd3 Qe4 35. Kg1 Qc4 36. Nb2 Qb4 37. Nd3 Qa3 38. Kg2 Kf6 39. h4 h6
40. f3 h5 41. Qc1 Qb3 42. Nc5 Qc4 43. Qg5+ Kg7 44. Ne6+ fxe6 45. Qe7+ 1/2-1/2

[Event "BL 1617 OSG Baden Baden - SK König Teg"]
[Site "?"]
[Date "2017.04.08"]
[Round "11.2"]
[White "Vallejo Pons, Francisco"]
[Black "Rabiega, Robert"]
[Result "1-0"]
[WhiteElo "2710"]
[BlackElo "2510"]
[PlyCount "61"]
[EventDate "2017.??.??"]

1. d4 d5 2. c4 dxc4 3. e4 Nf6 4. e5 Nd5 5. Bxc4 Nb6 6. Bd3 Nc6 7. Ne2 Bg4 8.
Be3 e6 9. Nbc3 Be7 10. O-O Bh5 11. Be4 Qd7 12. Rc1 Bg6 13. Bxc6 Qxc6 14. Nf4
Qd7 15. d5 Nxd5 16. Ncxd5 exd5 17. Nxd5 Bd8 18. Qb3 c6 19. Rfd1 Qc8 20. Qb4 Bf5
21. h3 h5 22. a4 a5 23. Qa3 Qe6 24. Nb6 Bxb6 25. Bxb6 Be4 26. Rd6 Qf5 27. Qg3
O-O 28. Re1 Rfe8 29. e6 Rxe6 30. Bd4 Rg6 31. Rxg6 1-0

[Event "BL 1617 OSG Baden Baden - SK König Teg"]
[Site "?"]
[Date "2017.04.08"]
[Round "11.3"]
[White "Richter, Michael"]
[Black "Bacrot, Etienne"]
[Result "0-1"]
[WhiteElo "2495"]
[BlackElo "2696"]
[PlyCount "84"]
[EventDate "2017.??.??"]

1. Nf3 d5 2. d4 Nf6 3. e3 e6 4. Bd3 b6 5. O-O Bb7 6. b3 Nbd7 7. Bb2 g6 8. a4
Bg7 9. a5 c5 10. dxc5 bxc5 11. c4 O-O 12. Nbd2 Qc7 13. cxd5 exd5 14. Qc2 Rac8
15. Rfc1 Qb8 16. Qb1 Rfe8 17. Bf1 Bh6 18. Re1 Ba8 19. h3 Re6 20. Ra4 Rce8 21.
Rh4 Bg7 22. Ra4 h5 23. b4 Bc6 24. Bxf6 Bxf6 25. b5 Ba8 26. e4 dxe4 27. Nxe4 Bd4
28. Neg5 Rxe1 29. Nxe1 Qf4 30. Rxd4 cxd4 31. Ngf3 Bxf3 32. Nxf3 Ne5 33. Nxe5
Qxe5 34. a6 Qc5 35. h4 Re6 36. g3 Qc3 37. Kg2 Re1 38. Qd3 Qxd3 39. Bxd3 Kf8 40.
Kf3 Ke7 41. Be4 f5 42. Bd3 Kd6 0-1

[Event "BL 1617 OSG Baden Baden - SK König Teg"]
[Site "?"]
[Date "2017.04.08"]
[Round "11.4"]
[White "Shirov, Alexei"]
[Black "Moreno Tejera, Emilio"]
[Result "1/2-1/2"]
[WhiteElo "2693"]
[BlackElo "2426"]
[PlyCount "81"]
[EventDate "2017.??.??"]

1. e4 e5 2. Nf3 Nc6 3. Bb5 a6 4. Ba4 Nf6 5. O-O Be7 6. Re1 b5 7. Bb3 d6 8. c3
O-O 9. h3 Na5 10. Bc2 c5 11. d4 Nd7 12. d5 Nb6 13. Nbd2 g6 14. b3 f5 15. Qe2 f4
16. b4 cxb4 17. cxb4 Nac4 18. Nxc4 Nxc4 19. Bb3 Qc7 20. Bb2 Nxb2 21. Qxb2 Bd8
22. a4 bxa4 23. Rxa4 Rb8 24. Rc1 Qe7 25. Rc6 Kg7 26. Bc4 a5 27. b5 Bb7 28. Qa3
Bxc6 29. dxc6 Bb6 30. Rxa5 Bxa5 31. Qxa5 Rfc8 32. Bd5 Qc7 33. Qb4 Rb6 34. Ng5
Qb8 35. Qc4 Rxb5 36. Bg8 Rxg8 37. Qf7+ Kh6 38. Qxh7+ Kxg5 39. Qe7+ Kh6 40. Qh4+
Kg7 41. Qe7+ 1/2-1/2